College Quizbowl Stats
College Quizbowl Stats
Circuits
Seasons
Sets
Records
Detailed Stats
About
Loading...
2024 ACF Fall at North Carolina
Tossups
Bonuses
Players
Teams
Categories (Tossup)
Categories (Bonus)
Alice Zhong
North Carolina A
Categories
Category
Powers
Gets
Negs
BBs
Points
Earliest Buzz
Avg. Buzz
First Buzzes
Top 3 Buzzes
BPA
PVF
Fine Arts - Classical Music
0
5
0
0
50
77
83.20
0
3
0.00
0.00
Fine Arts - Other
0
3
0
1
30
45
82.33
0
2
0.00
0.00
Painting/Sculpture
0
2
1
0
15
95
101.50
0
0
0.00
0.00
Science - Other
0
1
1
1
5
108
108.00
0
0
0.00
0.00
Buzzes
Category
Answer
Value
Buzz Position
Fine Arts - Other
the AIDS crisis
10
45
Fine Arts - Classical Music
do
10
77
Fine Arts - Classical Music
Johannes Brahms
10
79
Fine Arts - Classical Music
piano sonatas
10
85
Fine Arts - Classical Music
marches
10
85
Fine Arts - Classical Music
Maurice Ravel
10
90
Science - Other
recursion
-5
90
Painting/Sculpture
landscapes
-5
93
Painting/Sculpture
Netherlands
10
95
Fine Arts - Other
The Magic Flute
10
97
Previous
1
2
Next